Statistics for Zodiac Signs Quiz #9

Click here to take the quiz!

General Stats

  • This quiz has been taken 82 times
  • The average score is 11 of 12

Answer Stats

HintAnswer% Correct
Ruled by the SunLeo
97%
Opposite of CapricornCancer
96%
Opposite of SagittariusGemini
96%
The fishPisces
96%
November 22 - December 21Sagittarius
96%
2nd SignTaurus
96%
Michael Jackson was this SignVirgo
96%
1st Fire signAries
94%
10th SignCapricorn
94%
Sign before ScorpioLibra
94%
Sign before PiscesAquarius
93%
Water, FixedScorpio
93%

Score Distribution

Percentile by Number Answered

Percent of People with Each Score

Your Score History

You have not taken this quiz